00438nam a2200145Ia 4500008004100000020001500041041001200056082002000068100004200088245005200130250001200182260003000194300001800224650005000242231217s9999 xx 000 0 und d a8178672669 aEnglish a621.381952 HEN aHennessy, John L. Patterson, David A. 0aComputer architecture : a quantitative approach a3rd ed. c2003bHarcourtaNew Delhi axxxi+883+I-44 aComputer,architecture,:,quantitative,approach